ARRUPE JESUIT UNIVERSITY

CORONAVIRUS -STOP THE SPREAD - CLEAN,DISINFECT,COVER

Comprendre l'œuvre de Mongo Beti / (Record no. 118826)

MARC details
000 -LEADER
fixed length control field 00942cam a2200289 a 4500
001 - CONTROL NUMBER
control field 1393124
003 - CONTROL NUMBER IDENTIFIER
control field ARRUPE
005 - DATE AND TIME OF LATEST TRANSACTION
control field 20131127175543.0
008 - FIXED-LENGTH DATA ELEMENTS--GENERAL INFORMATION
fixed length control field 831019s1981 fr b 000 0 fre
010 ## - LIBRARY OF CONGRESS CONTROL NUMBER
LC control number 82132004
020 ## - INTERNATIONAL STANDARD BOOK NUMBER
International Standard Book Number 2850492248 :
Terms of availability 27.00F
040 ## - CATALOGING SOURCE
Original cataloging agency DLC
Transcribing agency DLC
Modifying agency DLC
050 00 - LIBRARY OF CONGRESS CALL NUMBER
Classification number PR9372.9B42
Item number Z82 1981
082 00 - DEWEY DECIMAL CLASSIFICATION NUMBER
Classification number 843
Edition number 19
300 ## - PHYSICAL DESCRIPTION
Dimensions 21 cm.
100 1# - MAIN ENTRY--PERSONAL NAME
Personal name Mouralis, Bernard.
9 (RLIN) 4325
245 10 - TITLE STATEMENT
Title Comprendre l'œuvre de Mongo Beti /
Statement of responsibility, etc Bernard Mouralis.
260 ## - PUBLICATION, DISTRIBUTION, ETC. (IMPRINT)
Place of publication, distribution, etc Issy les Moulineaux :
Name of publisher, distributor, etc Classiques africains,
Date of publication, distribution, etc c1981.
300 ## - PHYSICAL DESCRIPTION
Extent 127 p. ;
490 1# - SERIES STATEMENT
Series statement Comprendre,
International Standard Serial Number 0184-3222
504 ## - BIBLIOGRAPHY, ETC. NOTE
Bibliography, etc Bibliography: p. 122-125.
600 10 - SUBJECT ADDED ENTRY--PERSONAL NAME
Personal name Beti, Mongo,
Dates associated with a name 1932-2001
General subdivision Criticism and interpretation.
9 (RLIN) 4326
651 #0 - SUBJECT ADDED ENTRY--GEOGRAPHIC NAME
Geographic name Africa
General subdivision In literature.
9 (RLIN) 4327
740 0# - ADDED ENTRY--UNCONTROLLED RELATED/ANALYTICAL TITLE
Uncontrolled related/analytical title Œuvre de Mongo Beti.
830 #0 - SERIES ADDED ENTRY--UNIFORM TITLE
Uniform title Comprendre (Classiques africains (Firm))
9 (RLIN) 4328
906 ## - LOCAL DATA ELEMENT F, LDF (RLIN)
a 7
b cbc
c orignew
d 4
e ncip
f 19
g y-gencatlg
942 ## - ADDED ENTRY ELEMENTS (KOHA)
Source of classification or shelving scheme Library of Congress Classification
Koha item type Monograph ( Printed materials)
Holdings
Withdrawn status Lost status Source of classification or shelving scheme Damaged status Not for loan Collection code Home library Current library Shelving location Date acquired Total Checkouts Full call number Barcode Date last seen Price effective from Koha item type
    Library of Congress Classification     Main Collection ARRUPE LIBRARY ARRUPE LIBRARY Main Collection 27/11/2013   PR9372.9B42 Z82 1981 46410377 27/11/2013 27/11/2013 Monograph ( Printed materials)

 

Arrupe Library. PO Box MP320 Mt Pleasant, Harare, Zimbabwe
263 242 745411|librarian@aju.ac.zw